000
00273nam a2200121Ia 4500
008
231129s9999||||xx |||||||||||||| ||spa||
040
_b
spa
082
_a
F843 Z86p
100
_a
Zola Emile
245
0
_a
Una pagina de amor
264
_a
Salvat-Alianza
942
_2
ddc
_c
BKS
999
_c
25999
_d
25999